00319nam a2200133Ia 4500003000400000008004100004020002500045040000800070100001500078245003700093260003400130300001000164365001100174LDD181029s9999 xx 000 0 und d a978180302558c795.00 cLDD aSahu, S.P. 0aBasic nuclear physicscS.P. Sahu aNew DelhibCampus Booksc2010 a272p. b795.00